000 00536nam a2200229 a 4500
001 nice12345678
003 IN_TiNIC
005 20260116011316.0
008 080422s1909 alla grp 000 0 urd
020 _a
_c20
082 0 0 _a231
_bGOL
100 _aGoldsack, W
245 _aKhuda-E-islam
260 _aAllahabad
_bChristian Lit. Society
_c1909
300 _a45p
500 _aincludes index and biblioraphy
650 _aGod-Biblical Teaching
700 1 _aGoldsack, W
902 _bSRS
942 _cBK
999 _c375
_d375